| 000 | 00512nam a2200169Ia 4500 | ||
|---|---|---|---|
| 999 |
_c58572 _d58569 |
||
| 082 | _aR/5BS(CS)10 | ||
| 100 | _aTaooz Javed Khanzada | ||
| 100 | _aRoll No. 10BS(CS)16 | ||
| 100 | _aSupervisor - Mr. Asghar Ali Chandio | ||
| 245 | 0 | _aAutomated Time Table Scheduling System. | |
| 260 |
_aNawabshah _bQUEST _c2014 |
||
| 300 | _a65p | ||
| 700 | _aNawaz Ali Jamali (Roll No. 10BS(CS)07) | ||
| 700 | _aSalahud-din Mari (Roll No. 10BS(CS)23) | ||
| 700 | _aAli Hyder Dahri (Roll No. 10BS(CS)29) | ||
| 942 | _cTHESIS | ||